| 000 | 00812nam a2200265 a 4500 | ||
|---|---|---|---|
| 001 | BRCA_8551 | ||
| 005 | 20190320210328.0 | ||
| 008 | 150816s1600----gw-a######---#000-0#ger-# | ||
| 041 | _ager | ||
| 044 | _agw | ||
| 050 | 4 |
_aBX1970 _b.H36 _c16--? |
|
| 245 | 1 | 0 | _aHandi bitchelen. |
| 260 |
_a[s.l.] _b[s.i.] _c16--? |
||
| 300 |
_a1 vol. (sin paginacion) _bil. _c8 cm |
||
| 500 | _aFondo antiguo | ||
| 500 | _aSe encuentra en Caja Fuerte | ||
| 500 | _aCOG-124 | ||
| 500 | _a8 láminas a color completas | ||
| 500 | _aNota de encuadernación: en piel con broches metálicos, lomo desgastado | ||
| 500 | _aTexto manuscrito | ||
| 506 | 0 | _aFondo reservado: para su consulta es necesario credencial de usuario y carta de motivos | |
| 650 | 1 | 4 |
_aLibro de horas _ealeman _921430 |
| 902 | _aLAR | ||
| 942 |
_2lcc _cB |
||
| 999 |
_c8214 _d8214 |
||